Emprendedor : (Registro nro. 22504)

Detalles MARC
000 -LEADER
fixed length control field 01430nam a22002177a 4500
003 - CONTROL NUMBER IDENTIFIER
control field DO-CoUTE
005 - DATE AND TIME OF LATEST TRANSACTION
control field 20230413135242.0
008 - FIXED-LENGTH DATA ELEMENTS--GENERAL INFORMATION
fixed length control field 230413b dr ||||| |||| 00| 0 spa d
020 ## - INTERNATIONAL STANDARD BOOK NUMBER
International Standard Book Number 978-958-682-876-5
040 ## - CATALOGING SOURCE
Original cataloging agency DO-CoUTE
Language of cataloging spa
Transcribing agency DO-CoUTE
082 ## - DEWEY DECIMAL CLASSIFICATION NUMBER
Edition number 22
Classification number 658.11 S586e 2013
100 1# - MAIN ENTRY--PERSONAL NAME
Personal name Silva Duarte, Jorge Enrique
Relator term autor
245 10 - TITLE STATEMENT
Title Emprendedor :
Remainder of title Hacia un emprendimiento sostenible /
Statement of responsibility, etc. Jorge Enrique Silva Duarte,
250 ## - EDITION STATEMENT
Edition statement segunda edición
260 ## - PUBLICATION, DISTRIBUTION, ETC.
Place of publication, distribution, etc. México, DF. :
Name of publisher, distributor, etc. Alfaomega Grupo Editor,
Date of publication, distribution, etc. 2013
300 ## - PHYSICAL DESCRIPTION
Extent 235 páginas :
Other physical details Ilustraciones ;
Dimensions 23.5x23cm.
504 ## - BIBLIOGRAPHY, ETC. NOTE
Bibliography, etc. note Incluye referencia bibliográfica e índice
520 ## - SUMMARY, ETC.
Summary, etc. En este libro ha sido escrito para ayudar a todos los emprendedores a llevar a cabo sus proyectos con éxito. Es una excelente guía que orientará al lector en la valoración y puesta en marcha de su empresa, gracias a la metodología utilizada en el análisis y la exposición de los temas tratados. En ellos se examinan todos los aspectos que el emprendedor debe obtener en cuenta para iniciar su proyecto empresarial. Es de indudable utilidad para todas las personas interesadas en crear su propio negocio y para estudiantes de carreras como Administración de empresas, Económica y otras a fines, en las que el tema de la creación y gestión de proyectos empresariales sea estudiado como asignatura.
650 #7 - SUBJECT ADDED ENTRY--TOPICAL TERM
Source of heading or term LEMB
Topical term or geographic name entry element Emprendimiento
942 ## - ADDED ENTRY ELEMENTS (KOHA)
Source of classification or shelving scheme Dewey Decimal Classification
Koha item type Libros
Existencias
Withdrawn status Lost status Source of classification or shelving scheme Damaged status Not for loan Collection code Home library Current library Shelving location Date acquired Inventory number Total Checkouts Full call number Barcode Date last seen Copy number Price effective from Koha item type
    Dewey Decimal Classification     Colección General Biblioteca UTECO Biblioteca UTECO En Estantería 04/13/2023 021998   658.11 S586e 2013 021998 04/13/2023 Ej.1 04/13/2023 Libros
© 2021 Derechos Reservados UTECO - Teléfono: +1 809-585-2291 - Correo electrónico: biblioteca@uteco.edu.do​  
Código postal 43000 ​​
Dirección: Avenida Universitaria No. 100, 
Cotuí, Provincia Sánchez Ramírez, República Dominicana - RNC: 404-00059-6